000 00916nam a22002657a 4500
001 BR8702502
003 BR-BrBNA
005 20230928092508.0
007 ta
008 230509b bl.||||| |||| 00| 0 por d
040 _aBR-BrBNA
_bpor
_cBiblioteca Nacional de Agricultura
041 _a(Por)
072 _aL50
_b6100
090 _ 6100 BR8702502
100 1 _aValadares, R.F.D.
110 1 _aUniversidade Federal de Minas Gerais, Belo Horizonte (Brasil). Inst. de Ciencias Biologicas. Depto. de Fisiologia e Biofisica
_0Tese (Mestre em Fisiologia)
_910856
245 1 _aEstudo de conteudo gastrico em frangas de corte
260 3 _aBelo Horizonte, MG (Brasil):
_c1981.
300 _a44 p.
500 _a(*) Documento disponível no(a) UFMG, Belo Horizonte, MG (Brazil). Biblioteca Central
650 _aFRANGO DE CORTE
650 _aSUCO GASTRICO
909 _a202309
_bLucia
_c55
_dLucia Elande
942 _cBK
999 _c39417
_d39417